| 000 | 00568nam a2200217Ia 4500 | ||
|---|---|---|---|
| 003 | OSt | ||
| 005 | 20230607091311.0 | ||
| 008 | 210423s2005 xx 000 0 und d | ||
| 020 | _a8170333490 | ||
| 040 | _cAL | ||
| 082 | _a361.3 NAGS | ||
| 100 |
_aNAGPAUL (Hans) _9120949 |
||
| 245 | _aSocial work in urban India | ||
| 260 |
_aNew Delhi _bRawat Publications _c2005 |
||
| 300 |
_a205 _bHB |
||
| 365 |
_b650 _cINR |
||
| 650 |
_aSocial Problems & Services _9120950 |
||
| 650 |
_aSocial Work _9120951 |
||
| 906 | _aIndia ; Social ; urban ; work | ||
| 942 |
_2ddc _cBK |
||
| 999 |
_c176090 _d176090 |
||